书目信息 |
| 题名: |
工厂分析化学手册
|
|
| 作者: | 国营长安机器厂 编著 | |
| 分册: | 下册 | |
| 出版信息: | 北京 国防工业出版社 1982 |
|
| 页数: | 480页 | |
| 开本: | 26cm | |
| 丛书名: | ||
| 单 册: | ||
| 中图分类: | T-62 | |
| 科图分类: | ||
| 主题词: | 工程技术人员--手册 , 工程技术手册 | |
| 电子资源: | ||
| ISBN: | ||
| 000 | 00610nam0 2200205 45 | |
| 001 | 0312221749 | |
| 005 | 20060525095150.48 | |
| 010 | @b精装@dCNY3.90 | |
| 091 | @a15034.2345 | |
| 100 | @a20031222d1982 km y0chiy0120 ea | |
| 101 | @achi | |
| 200 | 1 | @a工厂分析化学手册@Agong chang fen xi hua xue shou ce@h下册@f国营长安机器厂编著@FGuo Ying Chang An Ji Qi Chang Bian Zhu |
| 210 | @a北京@c国防工业出版社@d1982 | |
| 215 | @a480页@d26cm | |
| 606 | 0 | @a工程技术人员@x手册 |
| 606 | 0 | @a工程技术手册 |
| 690 | @aT-62@v3 | |
| 701 | 0 | @a国营长安机器厂@4编著 |
| 801 | @aCN@bTSTCL@c20060525 | |
| 905 | @a213230@dT-62@e54:2 | |
| 工厂分析化学手册.下册/国营长安机器厂编著.-北京:国防工业出版社,1982 |
| 480页;26cm |
| ISBN (精装):CNY3.90 |
| ● |
| 相关链接 |
|
|
|
|
正题名:工厂分析化学手册
索取号:T-62/45:2
 
预约/预借
| 序号 | 登录号 | 条形码 | 馆藏地/架位号 | 状态 | 备注 |
| 1 | 0134631 | 202382180 | 密集书库/ [索取号:T-62/45:2] | 在馆 | |
| 2 | 0134632 | 202382233 | 密集书库/ [索取号:T-62/45:2] | 在馆 | |
| 3 | 0134633 | 202382224 | 密集书库/ [索取号:T-62/45:2] | 在馆 | |
| 4 | 0134634 | 202382199 | 密集书库/ [索取号:T-62/45:2] | 在馆 | |
| 5 | 0134635 | 000558275 | 工具书阅览室/ [索取号:T-62/45:2] | 在馆 | |
| 6 | 0158128 | 000558266 | 第二样本阅览室/ [索取号:T-62/45:2] | 在馆 | |
| 7 | 0158129 | 000558257 | 密集书库/ [索取号:T-62/45:2] | 在馆 |